Two years' residence in a Levantine family and Adventures in the Libyan desert, and the oasis of Jupiter Ammon /

محفوظ في:

المؤلف الرئيسي: St. John, Bayle, 1822-1859 (مؤلف)

مؤلفون آخرون: St. John, Bayle, 1822-1859.

التنسيق: كتاب

اللغة: English

الموضوعات:

الوسوم: إضافة وسم

لا توجد وسوم, كن أول من يضع وسما على هذه التسجيلة!

رقم الطلب: ( R )DT70 .S21 1850

LEADER 01047namaa2200253 4500
001 17281
003 OSt
005 20210814061947.0
008 130303s1850 fr g 000 0 eng d
952 |0 0  |1 0  |2 lcc  |4 0  |7 1  |9 17660  |a ARCE  |b ARCE  |d 2021-08-14  |l 0  |o ( R )DT70 .S21 1850  |p 1034956  |r 2021-08-14 00:00:00  |w 2021-08-14  |y BK 
999 |c 14526  |d 14526 
040 |c ARCE Library 
043 |a f-ua--- 
050 0 4 |a ( R )DT70 .S21 1850 
100 1 |a St. John, Bayle,  |d 1822-1859,  |e author 
245 1 0 |a Two years' residence in a Levantine family and Adventures in the Libyan desert, and the oasis of Jupiter Ammon /  |c By Bayle St. John. 
264 1 |a Paris :  |b A. & W. Galignani, Baudry's European Library,  |c 1850. 
300 |a 187 pages ;  |c 23 cm. 
651 0 |a Egypt   |x Description and travel.  
651 0 |a Egypt  |x Social life and customs. 
700 1 2 |a St. John, Bayle,  |d 1822-1859.  |t Adventures in the Libyan desert, and the oasis of Jupiter Ammon. 
740 0 2 |a Adventures in the Libyan desert, and the oasis of Jupiter Ammon. 
901 |a reviewed 
942 |c BK  |2 lcc